Software as a service market growing rapidly (Record no. 84251)

MARC details
000 -LEADER
fixed length control field 01291cad a22002055a 4500
001 - CONTROL NUMBER
control field L157058
008 - FIXED-LENGTH DATA ELEMENTS--GENERAL INFORMATION
fixed length control field 120824s2012 xxk 000 0 eng d
035 ## - SYSTEM CONTROL NUMBER
System control number (Sirsi) u157058
041 0# - LANGUAGE CODE
Language code of text/sound track or separate title eng
110 2# - MAIN ENTRY--CORPORATE NAME
Corporate name or jurisdiction name as entry element KPMG International
9 (RLIN) 5143
245 00 - TITLE STATEMENT
Title Software as a service market growing rapidly
Medium [electronic resource]
260 ## - PUBLICATION, DISTRIBUTION, ETC.
Date of publication, distribution, etc. 2012
490 #0 - SERIES STATEMENT
Series statement KPMG International Issues Monitor
Volume/sequential designation (10) July 2012, 1-11(11)
520 ## - SUMMARY, ETC.
Summary, etc. The global cloud computing market - networks of virtual servers that allow individuals and businesses to access information from any internet-connected device - is experiencing robust growth, driven primarily by companies' need to reduce costs and their need for easy access to technology which cloud computing can provide. Focuses on the "Software as a Service (SaaS)" model which has experienced the most rapid growth in the industry. SaaS, also referred to as on-demand software, provides applications through the internet, eliminating the need to install, run or maintain programs in internal systems.
590 ## - LOCAL NOTE (RLIN)
Local note NTK KA
651 #4 - SUBJECT ADDED ENTRY--GEOGRAPHIC NAME
Geographic name International
690 ## - LOCAL SUBJECT ADDED ENTRY--TOPICAL TERM (OCLC, RLIN)
Topical term or geographic name as entry element Business and management
856 40 - ELECTRONIC LOCATION AND ACCESS
Uniform Resource Identifier <a href="https://www.kpmg.com/Global/en/IssuesAndInsights/ArticlesPublications/Documents/technology-july-2012.pdf">https://www.kpmg.com/Global/en/IssuesAndInsights/ArticlesPublications/Documents/technology-july-2012.pdf</a>
Public note View the article at www.kpmg.com
942 ## - ADDED ENTRY ELEMENTS (KOHA)
Suppress in OPAC 0
Holdings
Withdrawn status Lost status Source of classification or shelving scheme Damaged status Not for loan Home library Current library Shelving location Date acquired Total Checkouts Full call number Barcode Date last seen Copy number Price effective from Koha item type
    Dewey Decimal Classification     Virtual Virtual Online 25/08/2012   ONLINE PUBLICATION 157058-2001 06/08/2019 1 06/08/2019 Journal article